000 00591cam a2200205 a 4500
001 000018781
005 20200929165846.0
008 820222s1981 fr 000 f fre d
020 _a2724211464
040 _aDO-SdBNP
_cDLC
_dDLC
_dBNPHU
082 _a895.152
_bB666a
100 1 _aBodard, Lucien,
_d1914-1998
_940509
245 1 0 _aAnne Marie /
_cLucien Bodard.
260 _aParis :
_bGrasset et Fasquelle,
_c1981.
300 _a309p. ;
_c25 cm.
650 4 _aNovela china
_940226
650 4 _aLiteratura china
_ySIGLO XX
_940227
910 _aCatalogación derivada / LC
049 _aBNGR
999 _c18301
_d18301